000 00817nam a2200205Ia 4500
001 15795
005 20260414104045.0
008 260306t2005||||xx |||||||||||||| ||und||
041 _aESP
082 _a620.11
_bA174
100 _aAskeland, Donald R.
_eAUT
245 0 _aCiencia e ingeniería de los materiales
260 _c2005
650 _aGEN
654 _aCIA
856 _uhttps://itmsp.museknowledge.com/UCSP?url=https://www.ebooks7-24.com:443/?il=19665&pg=1
_zVersión digital Inglés (2022)
856 _uhttps://0u213wd6z-y-https-ebooks7--24-com.itmsp.museknowledge.com/biblioteca.aspx
_zVéase además: Base de datos Ebook7-24
856 _uhttps://0u21dwd72-y-https-ebooks-editorialmacro-com.itmsp.museknowledge.com/library
_zVéase además: Base de datos Macro Digital
942 _cLIB
_dJUS
_fJUS
_2ddc
999 _c15795
_d15795